They Snatched My Playground (Record no. 171626)

MARC details
000 -LEADER
fixed length control field 00551nam a2200181 4500
005 - DATE AND TIME OF LATEST TRANSACTION
control field 20200116152108.0
010 ## - LCCN (DPL NO)
LC control number ENG-127392
020 ## - INTERNATIONAL STANDARD BOOK NUMBER
International Standard Book Number 9789386473677
Terms of availability 495.00
035 ## - SYSTEM CONTROL NUMBER
System control number EN-110924
037 ## - SOURCE OF ACQUISITION
Source of stock number/acquisition DBAD/PUB
082 ## - DEWEY DECIMAL CLASSIFICATION NUMBER
Classification number 921
100 ## - MAIN ENTRY--PERSONAL NAME
Personal name Jehangir,Khalid
245 ## - TITLE STATEMENT
Title They Snatched My Playground
Statement of responsibility, etc by Jehangir,Khalid
260 ## - PUBLICATION, DISTRIBUTION, ETC. (IMPRINT)
Place of publication, distribution, etc New Delhi
Name of publisher, distributor, etc Vitasta Publishing
Date of publication, distribution, etc 2019
270 ## - ADDRESS
Address 2/15,Ansari-Road,Daryaganj
City New Delhi
Postal code 110002
Electronic mail address info@vitastapublishing.com
300 ## - PHYSICAL DESCRIPTION
Extent ix;142p.
Dimensions 22cm(hb)
942 ## - ADDED ENTRY ELEMENTS (KOHA)
Source of classification or shelving scheme Dewey Decimal Classification
Item type English Books
Classification part 921
Call number suffix JEH
Holdings
Withdrawn status Lost status Not for loan Collection code Home library Current library Date acquired Source of acquisition Cost, normal purchase price Full call number Barcode Copy number Cost, replacement price Koha item type
      Non-fiction Central Library Central Library 16/01/2020 DBAD/PUB 495.00 921 JEH EN-110924 1 495.00 English Books

© Delhi Public Library
Hit Counter
free hit counter